[Event "Candidates m2"]
[Site "Riga"]
[Date "1991.??.??"]
[Round "1"]
[White "Ivanchuk, Vassily"]
[Black "Yudasin, Leonid"]
[Result "1-0"]
[WhiteElo "2695"]
[BlackElo "2645"]
[Annotator "Rogers,I"]
[PlyCount "55"]
[EventDate "1991.01.??"]
[EventType "match"]
[EventRounds "5"]
[EventCountry "LAT"]
[SourceTitle "Candidates"]
[Source "ChessBase"]
[SourceDate "1999.07.01"]
[SourceVersion "2"]
[SourceVersionDate "1999.07.01"]
[SourceQuality "1"]

1. d4 Nf6 2. c4 e6 3. g3 c5 4. d5 exd5 5. cxd5 d6 6. Nc3 g6 7. Nf3 Bg7 8. Bg2
O-O 9. O-O a6 10. a4 Nbd7 11. Nd2 Qc7 {By an unusual move order the players
have reached one of the less fashionable lines of the Modern Benoni opening, a
Yudasin favourite. However Ivanchuk has done his homework well and now comes
up with a new move which seems to unsettle Yudasin.} 12. Qb3 $1 Ne8 $6 {
Terribly passive.} ({Black should probably try} 12... Nh5 {to keep the bishop
away from f4.}) 13. Nc4 Rb8 14. Bf4 b5 $2 {A desperate pawn sacrifice which
not surprisingly fails to ease the pressure. Yudasin was obviously fearing
slow strangulation on the queenside and could not find a viable plan but the
text is simply refuted.} 15. axb5 Ne5 16. Bxe5 Bxe5 17. b6 Bf6 18. Ra3 Qb7 19.
Rfa1 Bd8 20. Na4 Bd7 {Yudasin now manages to exchange his 'a' pawn for the
powerful 'b' pawn but his pieces remain too passive to offer serious
resistance.} 21. Na5 Bxa4 22. Qxa4 Qxb6 23. Rb3 Qc7 24. Rxb8 Qxb8 25. Nc6 Qc7
26. Qxa6 Bf6 27. Bh3 $3 Bg7 ({If} 27... Bxb2 28. Rb1 {/\29.Rb7 wins.}) 28. Qb5
$1 {Black is completely helpless against the threat of 29.Ra7 so Yudasin
resigned, the first of four consecutive losses in this best of 8 match.} 1-0

[Event "Budapest FS06 GM"]
[Site "Budapest"]
[Date "1995.??.??"]
[Round "7"]
[White "Horvath, Jozsef"]
[Black "Enders, Peter"]
[Result "0-1"]
[WhiteElo "2515"]
[BlackElo "2480"]
[Annotator "Stohl,I"]
[PlyCount "92"]
[EventDate "1995.06.??"]
[EventType "tourn"]
[EventRounds "11"]
[EventCountry "HUN"]
[EventCategory "9"]
[SourceTitle "CBM 049"]
[Source "ChessBase"]
[SourceDate "1995.12.01"]
[SourceVersion "1"]
[SourceVersionDate "1995.12.01"]
[SourceQuality "1"]

1. d4 Nf6 2. c4 g6 3. Nf3 Bg7 4. Nc3 O-O 5. g3 c5 6. d5 d6 7. Bg2 e6 8. O-O (8.
dxe6 Bxe6 9. Ng5 Bxc4 $5 10. Bxb7 Nbd7 11. Bxa8 Qxa8 $44) 8... exd5 9. cxd5
Nbd7 10. e4 $5 (10. Bf4 Qe7 11. h3 Nh5 $1 12. Bg5 f6 13. Bd2 f5 14. Qc2 Nb6 $6
(14... Ndf6 $142 $13) 15. Rad1 Bd7 16. e4 $1 Rae8 17. Rfe1 Bxc3 18. Bxc3 fxe4
19. Nd2 $1 Nxd5 20. Nxe4 Nxc3 21. Qxc3 $16 {[%csl Rf6,Rg7,Rh6] ׻,Stohl,
I-Enders,P/Erfurt/1994/}) 10... a6 11. a4 Rb8 (11... Ng4 $6 12. Nh4 Nge5 13. f4
Nc4 14. Re1 Rb8 15. Bf1 Na5 16. Nf3 Re8 17. Be3 Nf6 18. e5 Ng4 19. h3 Nxe3 20.
Rxe3 Bd7 21. Qc2 Bf5 22. Qf2 Nb3 23. Rae1 h5 24. Ne4 Bxe4 25. Rxe4 b5 26. axb5
axb5 27. e6 $36 {Scheeren-Stoica/Thessaloniki ol/1984/}) 12. Re1 Ng4 $5 $146 (
12... b5 13. axb5 axb5 14. Bf1 b4 (14... Ng4 15. Nxb5 (15. Nd2 Nde5 16. h3 b4
17. Nb5 c4 18. Nxc4 Nxc4 19. Bxc4 Ne5 20. Bf1 Bxh3 21. Bxh3 Rxb5 22. Qe2 Rb8
23. Ra6 Ra8 24. Rxa8 Qxa8 25. Be3 Qa2 $15 {Alburt-Sax/Subotica izt/1987/})
15... Nde5 16. h3 Nxf3+ 17. Qxf3 Ne5 18. Qe2 Rxb5 19. Qxb5 Nf3+ 20. Kh1 Nxe1
21. Qe2 Re8 22. Qxe1 f5 23. Ra8 Rxe4 24. Be3 Re8 25. b4 f4 26. Bb5 $1 $16 {
Nogly,C-Pajeken,W/Hamburg-ch/1994/}) 15. Nb5 Ne8 16. Na7 $5 (16. Qc2 Ne5 17.
Nxe5 Bxe5 18. Bh6 Bg7 19. Bxg7 Kxg7 20. e5 Bf5 21. Qc1 dxe5 22. Qxc5 Rc8 23.
Qxb4 Qxd5 24. Ra5 Qc5 25. Qxc5 Rxc5 26. b4 Rc2 27. Rxe5 Rc1 $44 {
Sosonko-Danner/Thessaloniki ol/1984/}) (16. Bf4 Rb6 17. Qc2 Bb7 18. Na7 h6 19.
Bb5 g5 20. Be3 Nc7 21. Bc6 Ba6 22. Ba4 Bb5 $13 {Ree,H-Sax,G/Amsterdam OHRA/
1983/}) 16... Qc7 (16... Bb7 $5 17. Nc6 Bxc6 18. dxc6 Nb6 $13) 17. Nc6 Rb6 18.
Bg5 Nef6 19. Nd2 Re8 20. Nc4 Ra6 21. f3 Rxa1 22. Qxa1 Bb7 23. Rd1 Ra8 24. Qc1
Ne8 25. Bf4 Ra2 26. Qb1 Ra6 {Ligterink,G-M_Chess Pro/Hague/1995/} 27. Qd3 $14)
13. Bf1 $6 (13. a5 b5 14. axb6 Rxb6 $13) 13... Nde5 {[%cal Rf7f5] /\f5|^} 14.
Nd2 (14. Nxe5 Nxe5 15. f4 Bg4 16. Be2 Bxe2 17. Qxe2 Nd7 $15 {[%csl Rd5,Re4]
[%cal Gh8b2] ה,/^h8-a1}) 14... g5 $1 (14... f5 15. f4 Nf7 16. h3 Nf6 17. exf5
gxf5 18. a5 $14) 15. h3 Nh6 16. g4 (16. Nf3 Nxf3+ 17. Qxf3 f5 $36) 16... Kh8
17. Be2 Ng8 $15 {[%csl Re5,Rf4,Rh4] ><e5,f4,h4} 18. Nf1 Ng6 19. Ng3 Nf4 20. Bf1
(20. Bxf4 $6 gxf4 21. Nf5 Be5 {[%cal Yh7h5,Yd8g5] /\Qg5,h5->}) 20... Ne7 21. h4
$6 (21. Nce2 $142 Neg6 22. Nf5 Be5 $15) 21... Be5 $1 22. h5 (22. hxg5 Neg6 {
/\Qg5-/+}) 22... Qd7 23. Nf5 (23. f3 $142 b5 24. axb5 axb5 25. Qc2 $17) 23...
Nxf5 24. exf5 (24. gxf5 $6 g4 $1 $40) 24... b5 {[%csl Rd5] ><d5} 25. axb5 axb5
26. Ra5 c4 27. Be3 f6 28. Ba7 (28. Qd2 $142 Rb7 $5 29. Rea1 b4 30. Ne4 Qc7 $17)
(28. Ne4 Bb7) 28... Ra8 $1 29. Nxb5 (29. Bb6 Bb7 $1 $19 {[%cal Rb5b4] /\b4})
29... Ba6 $1 30. Rxa6 $8 Qxb5 {White's Bishops are useless, while Black's
centralized minor pieces and central pawns will decide the game.} 31. Qa4 $8 (
31. Ra1 Qxb2 $19 {[%csl Gc4] o^c4}) 31... Qxd5 {/\Qf3-+} 32. Re3 (32. Qxc4 $2
Nh3+ $1 $19) 32... Qb7 33. h6 d5 $19 {[%csl Gc4,Gd5,Ge5] [+]} 34. Ra3 Rfc8 35.
Be3 (35. Ra5 d4 36. Rb5 Qc6 $19) 35... Qxa6 36. Qxa6 Rxa6 37. Rxa6 Bxb2 38.
Bxf4 gxf4 {[%csl Gc4,Gd5] The ^- don't help White, as the united passed
c+d-pawns will cost him a piece.} 39. Rd6 Kg8 $1 (39... c3 $2 40. Bd3 Kg8 (
40... c2 41. Bxc2 $1) 41. Bc2 $13) 40. Rxd5 c3 41. Bd3 c2 42. Bxc2 Rxc2 {
The extra piece decides, as Black has also a mating attack.} 43. Rd8+ Kf7 44.
Rd7+ Ke8 45. Rxh7 f3 $1 46. g5 (46. Rh8+ Kf7 47. h7 Rc1+ 48. Kh2 Be5+ 49. Kh3
Rh1#) (46. Kh2 Be5+ 47. Kh3 Rxf2 $19) 46... Be5 {[%cal Rc2c1] /\Rc1#} 0-1

[Event "Interzonal-14a"]
[Site "Subotica"]
[Date "1987.??.??"]
[Round "14"]
[White "Alburt, Lev O"]
[Black "Sax, Gyula"]
[Result "0-1"]
[WhiteElo "2575"]
[BlackElo "2570"]
[Annotator "Stohl,I"]
[PlyCount "84"]
[EventDate "1987.06.??"]
[EventType "tourn"]
[EventRounds "17"]
[EventCountry "YUG"]
[EventCategory "11"]
[SourceTitle "CBM 003"]
[Source "ChessBase"]
[SourceDate "1988.04.01"]
[SourceVersion "1"]
[SourceVersionDate "1988.04.01"]
[SourceQuality "1"]

1. d4 Nf6 2. c4 c5 3. d5 e6 4. Nc3 exd5 5. cxd5 d6 6. Nf3 g6 7. g3 Bg7 8. Bg2
O-O 9. O-O Nbd7 10. Re1 (10. e4 b5 $5 (10... a6 11. a4) 11. e5 dxe5 12. Nxb5
Ba6 13. a4 $13) 10... a6 11. a4 Rb8 12. e4 b5 13. axb5 axb5 14. Bf1 Ng4 $5 (
14... b4 15. Nb5 $14) 15. Nd2 $146 (15. Nxb5 $13) 15... Nde5 16. h3 (16. Nxb5
Qb6 17. Nc4 Nxc4 18. Bxc4 Ne5 19. Be2 f5 $44) 16... b4 17. Nb5 (17. Ncb1 $5 Nf6
18. f4 $13) 17... c4 18. Nxc4 (18. Nd4 $2 Nxf2 19. Kxf2 Nd3+ $19) 18... Nxc4
19. Bxc4 Ne5 20. Bf1 Bxh3 21. Bxh3 Rxb5 22. Qe2 $1 Rb8 (22... Rc5 $6 23. Be3
$14) (22... Ra5 $5 $13) 23. Ra6 Ra8 24. Rxa8 Qxa8 25. Be3 $6 (25. f4 Nd7 $1 {/\
} 26. Bxd7 Qa7+ {/\Qd7=/+}) (25. Bd2 $1 $13) 25... Qa2 $15 26. Rc1 Qb3 27. Rc6
$5 (27. Bf1 h5 $1 $36) 27... h5 $1 (27... Nxc6 28. dxc6 f5 29. exf5 gxf5 30.
Qb5 $44) 28. Rxd6 Nc4 29. Rc6 Nxe3 30. fxe3 (30. Qxe3 Qxb2 31. d6 b3 32. d7
Qa1+ 33. Kg2 (33. Bf1 b2 34. Rc8 b1=Q 35. Rxf8+ Bxf8) 33... b2 34. Rc8 b1=Q $19
) 30... Qxb2 (30... Bxb2 $5 31. d6 Be5 32. d7 Qb1+ 33. Kf2 Qxe4 34. Rc8 Qd5 $17
) 31. Qxb2 Bxb2 $17 {_|_} 32. d6 Be5 33. d7 (33. Rb6 $5 Bxg3 34. d7 Rd8 35.
Rxb4 Kf8 $17) 33... b3 34. Rc8 Bf6 35. Bf1 b2 36. Bd3 Rd8 37. Kf2 (37. e5 $5
Bg5 $17) 37... Kh7 38. Rc7 (38. e5 Rxd7 39. exf6 Rxd3 40. Rb8 Rd2+ 41. Kf3 g5
42. Ke4 Kg6 43. Ke5 h4 $19) 38... Kg7 39. Rb7 Be5 40. Bc2 Kf6 41. Ba4 Ke7 42.
Bc6 $6 Rb8 0-1

[Event "Santa Clara"]
[Site "Santa Clara"]
[Date "1991.??.??"]
[Round "4"]
[White "Borges Matos, Juan R"]
[Black "Ruban, Vadim"]
[Result "0-1"]
[WhiteElo "2385"]
[BlackElo "2575"]
[Annotator "Stohl,I"]
[PlyCount "68"]
[EventDate "1991.02.??"]
[EventType "tourn"]
[EventRounds "13"]
[EventCountry "CUB"]
[EventCategory "9"]
[SourceTitle "CBM 026"]
[Source "ChessBase"]
[SourceDate "1992.02.01"]
[SourceVersion "1"]
[SourceVersionDate "1992.02.01"]
[SourceQuality "1"]

1. d4 Nf6 2. c4 e6 3. Nf3 c5 4. d5 exd5 5. cxd5 g6 6. Nc3 Bg7 7. g3 O-O 8. Bg2
d6 9. O-O a6 10. a4 Nbd7 11. Bf4 (11. Qc2 Rb8 12. a5 $6 b5 13. axb6 Nxb6 14.
Nd2 Nfd7 15. Nb3 Nc4 16. Ne4 Rb4 17. Ra2 Nde5 18. Bg5 Qb6 19. Nc1 f5 $17 {
Rohde,M-Gurevich,D,New York 1985}) (11. e4 Re8 (11... Rb8 12. a5 $5 (12. Re1 b5
13. axb5 axb5 14. Bf1 Ng4 $5 $146) 12... Qc7 13. Re1 Re8 14. Bf1 c4 15. h3 b5
16. axb6 Nxb6 17. Be3 Nfd7 18. Bd4 Nc5 19. Bxg7 Kxg7 20. Qd4+ f6 21. Nd2 $14 {
Pergericht,D-Franco,Z,Novi Sad olm 1990-TD 89_06}) 12. Re1 c4 13. h3 (13. Bf1
Qc7 $1 (13... Nc5 14. Nd2 Qc7 15. Bxc4 Bh3 16. Bf1 Bxf1 17. Kxf1 Rac8 18. Re3
Qd7 19. Kg2 Ng4 20. Re2 $14 {Alburt,L-De Firmian,N,USA-ch Estes Park 1985}) 14.
Qe2 $6 Nc5 15. Qxc4 Bg4 16. Nd2 Nfd7 $1 $146 {|^,Piket,Je-Winants,L,Wijk aan
Zee II 1987-TD 87_06}) 13... Nc5 14. Nd2 Nd3 15. Re2 Qc7 16. a5 Bd7 17. Na4 Bb5
18. Nb6 Rad8 19. Ra3 Qc5 $132 {Brenninkmeijer,J-De Firmian,N,Lugano op 1989-TD
89_01}) 11... Qe7 (11... Qc7 12. Qd2 Re8 13. Rfc1 $5 c4 14. Nd4 Nc5 15. Ra3 Bd7
16. a5 b5 17. axb6 Qxb6 18. Nc6 Nb3 19. Rxb3 cxb3 20. Bxd6 $146 {Bonin,
J-Zaichik,G,New York op 1990-EXP 16}) 12. Re1 (12. Qc2 $5 h6 (12... Nh5 $142 $5
13. Bg5 f6 14. Bd2 f5 $132) 13. Rab1 Re8 14. Rfe1 g5 $6 15. Bd2 Nb6 16. Qb3
Nbd7 17. a5 Rb8 18. Qa2 b5 19. axb6 Rxb6 20. Na4 Rb8 21. e4 $16 {Razuvaev,
Y-Ruban,V,Sochi-A 1989-CBM 16}) 12... h6 13. e4 {/\e5} (13. h3 $13) 13... Ng4
$8 14. a5 Nde5 $132 15. Na4 (15. Nxe5 Nxe5 16. Qc2 g5 $36) 15... Nxf3+ 16. Bxf3
Ne5 17. Nb6 (17. Bg2 Bg4 18. f3 Bd7 19. Nb6 Rae8 $10) 17... Rb8 (17... Nxf3+ $2
18. Qxf3 Rb8 19. Nc4 $16) 18. Bg2 Bd7 {/\Bb5} 19. b4 $6 (19. Qc2 $10) 19...
cxb4 20. Rb1 (20. Qd2 g5 21. Be3 Bb5 $17) 20... Bb5 21. Bf1 (21. Rxb4 $2 Nd3
22. Rxb5 Nxe1 $19) 21... g5 $1 22. Bxe5 (22. Bd2 g4 $40) 22... Bxe5 23. Bxb5
axb5 24. Qd3 (24. Rxb4 $2 Bc3 $19) 24... Bc3 25. Re2 Rbe8 26. f4 $2 (26. Qxb5
$142 $5 f5 27. e5 $1 dxe5 28. Nc4 $146) 26... gxf4 27. gxf4 Kh8 $40 {/\f5,ה} (
27... f5 $2 28. e5 dxe5 29. d6 Qe6 30. fxe5 $16) 28. Kh1 Rg8 29. e5 (29. Qxb5
Rg4 30. Rf1 Reg8 $40) 29... Qh4 $1 (29... dxe5 30. d6 $132) 30. Qf5 (30. exd6
Rxe2 31. Qxe2 Qxf4 32. d7 b3 33. Rg1 Rxg1+ 34. Kxg1 Bd4+ 35. Kh1 Bf6 $19) 30...
Rg4 31. Qxf7 Reg8 $19 32. Qf6+ $8 (32. e6 Qh3 33. Rf2 Rg2 $19) (32. Rf1 Bd4 $19
) 32... Qxf6 33. exf6 Bxf6 34. Rxb4 $4 (34. Rf2 b3 $19) 34... Rg1# {[Stohl,I]}
0-1

[Event "ARM-ch"]
[Site "Yerevan"]
[Date "1995.??.??"]
[Round "3"]
[White "Mirumian, Vigen"]
[Black "Minasian, Artashes"]
[Result "0-1"]
[WhiteElo "2415"]
[BlackElo "2565"]
[Annotator "Stohl,I"]
[PlyCount "72"]
[EventDate "1995.08.??"]
[EventType "tourn"]
[EventRounds "11"]
[EventCountry "ARM"]
[EventCategory "10"]
[SourceTitle "CBM 050"]
[Source "ChessBase"]
[SourceDate "1996.02.01"]
[SourceVersion "1"]
[SourceVersionDate "1996.02.01"]
[SourceQuality "1"]

1. d4 c5 2. d5 Nf6 3. c4 g6 4. Nc3 Bg7 5. g3 O-O 6. Bg2 e6 7. Nf3 exd5 8. cxd5
d6 9. O-O a6 10. a4 Nbd7 11. Nd2 (11. h3 Re8 12. Nd2 Rb8 13. Nc4 Ne5 14. Na3
Bd7 15. Bg5 b5 16. f4 Nc4 17. Nxc4 bxc4 18. Rb1 Qa5 19. e4 Rxb2 20. Rxb2 Qxc3
21. Re2 Nxe4 22. Rxe4 Rxe4 23. Bxe4 Qe3+ 24. Kh2 Qxe4 25. Rf2 h6 26. Re2 Bxa4
27. Rxe4 Bxd1 {Hulak,K-Rogic,D/Vinkovci (02) 1995/0-1 (50)}) 11... Rb8 (11...
Re8 12. h3 (12. Nc4 Ne5 (12... Nb6 13. Na3 Bd7 14. Bd2 (14. Re1 Qc7 15. Rb1 Ng4
16. h3 Ne5 17. b3 c4 18. a5 Nc8 19. b4 Bf5 20. Nc2 Na7 21. Bb2 $13 {Churin,
L-Paglilla,C/Buenos Aires VII Najdorf op/1995/}) 14... Rb8 15. Qc2 Nc8 16. Rab1
b5 17. axb5 axb5 18. b4 c4 19. h3 h6 20. e4 Kh7 21. Kh2 Ng8 22. Rbe1 Rb7 23.
Qc1 Re7 24. f4 f6 25. Be3 Qe8 26. Bd4 $16 {Davies,N-Henderson,J/Hastings
op9495/1995/}) 13. Na3 Nh5 14. e4 f5 15. h3 Rf8 16. exf5 Bxf5 17. Be3 Rb8 18.
g4 Bxg4 19. hxg4 Qh4 20. f3 Nxg4 21. fxg4 Be5 22. Rf3 Qh2+ 23. Kf1 Ng3+ 24. Kf2
Bxc3 25. bxc3 Ne4+ 26. Kf1 Ng3+ 27. Kf2 Ne4+ 28. Kf1 Ng3+ 29. Kf2 {1/2/
Spangenberg,H-Fucek,C/Villa Martelli op/1995/}) (12. a5 b5 13. axb6 Nxb6 14.
Nb3 Bd7 $6 (14... Nc4 15. Qd3 Rb8 16. Qxc4 Rb4 $132) 15. Na5 Qc7 16. Ra2 (16.
Nc6 $5) 16... Bb5 17. b3 Na4 18. bxa4 Qxa5 19. axb5 Qxc3 20. bxa6 Qc4 21. Qa4
Qxa4 22. Rxa4 Reb8 23. Bf4 Ne8 24. Be4 Rb4 25. Rxb4 cxb4 26. Bd3 $16 {
Jovanovic,Mile-Tesic,D/JUG-chT Tivat/1995/}) 12... Rb8 (12... Qc7 13. Nc4 Ne5
14. Na3 b6 15. Be3 Bb7 16. Qd2 Rad8 17. Bh6 Bh8 18. f4 Ned7 19. Nc4 Nh5 20. Qd3
Ng7 21. e4 $16 {[+],Djubek,B-Berza,S/SVK-chT2/1995/}) 13. Nc4 (13. Rb1 Nh5 14.
Nc4 Ne5 15. Na3 f5 16. e4 b5 17. axb5 axb5 18. b4 Nf7 19. Qc2 cxb4 20. Rxb4
fxe4 21. Nxe4 Bd7 22. Bb2 Nf6 23. Qc3 Nh5 24. Qb3 Nf6 25. Nxf6+ Bxf6 26. Bxf6
Qxf6 27. Nxb5 Ng5 $132 {Johannessen,LE-Tisdall,J/Gausdal Int/1995/}) 13... Ne5
14. Na3 Nh5 (14... h6 15. f4 Ned7 16. Kh2 Qc7 17. Qb3 Nh7 18. e4 Kh8 19. Bd2 b6
20. Rae1 Bb7 21. Nc4 $16 {Slipak,S-Lloyd,O/Buenos Aires VII Najdorf op/1995/})
15. e4 Bd7 16. g4 Qh4 17. Re1 b5 18. axb5 axb5 19. Naxb5 Bxb5 20. Nxb5 Rxb5 21.
gxh5 Reb8 22. Ra6 Nc4 23. hxg6 hxg6 24. Qc2 Rxb2 $1 25. Bg5 Qxg5 26. Qxc4 Bd4
$19 {Seres,L-Horvath,Gy/Balatonbereny op/1995/}) 12. Nc4 (12. h3 Re8 13. Nc4 {
-11...Re8}) 12... Ne8 13. Bf4 Qe7 $146 (13... Nb6 $142 14. Na3 Bd7 (14... Na8
$2 15. Qd2 Qc7 16. Rac1 Bd7 17. Ne4 b6 18. Nc4 Bxa4 19. Ncxd6 Qd7 20. Nxf7 Nec7
21. Nfg5 Rbe8 22. d6 {1-0/Lekander,R-Kinnmark,O/SVE-ch/1972/}) 15. a5 Nc8 16.
Nc4 Bb5 17. Qb3 Nc7 $5 (17... Qd7 18. Na4 Na7 19. Nc3 Nc8 20. Na3 Na7 21. Rfd1
Nc7 22. Nc4 {1/2/Savon,V-Kapengut,A/URS-ch39 Leningrad/1971/}) 18. Rfe1 Bxc4
19. Qxc4 b5 20. axb6 Rxb6 21. Ra2 Rb4 22. Qd3 Nb6 23. Qc2 Re8 24. Rd1 Nb5 25.
Rxa6 Nd4 26. Qd3 c4 27. Qd2 Nxe2+ $1 $17 {Reefschlaeger,H-Sax,G/Lugano op/1986/
}) 14. Qd2 (14. a5 $5 g5 (14... b5 15. axb6 Nxb6 16. Na5 $36) (14... Ne5 15.
Nb6 $14) 15. Bd2 f5 16. f4 $14) 14... Ne5 15. Bxe5 (15. Nb6 Nd7 16. Nxc8 Rxc8 {
[%cal Yc5c4] /\c4<=>}) 15... Bxe5 16. Nxe5 Qxe5 17. f4 Qg7 18. e4 {[%csl Gd5,
Ge4,Gf4] [+]} f5 $8 (18... b5 19. axb5 axb5 20. Rfe1 $16) 19. Rfe1 fxe4 20.
Nxe4 b5 21. b4 $6 (21. axb5 $142 Rxb5 $5 (21... axb5 22. Ng5 $36 (22. b4 $16))
22. Ra2 $14) 21... cxb4 22. Qxb4 a5 $1 23. Qxa5 b4 $44 {[%csl Ra5] ףa5} 24.
Rab1 (24. Rad1 Bf5 $36) 24... Qd4+ 25. Kh1 Bf5 26. Red1 Qc4 27. Rdc1 Qa2 $6 (
27... Qd4 28. Rd1 $10) 28. Rxb4 $5 (28. Ra1 $10) 28... Rc8 $1 $40 {[%csl Ra5,
Rb4] ףa5,Rb4} 29. Rg1 $8 (29. Rxc8 $4 Qa1+ $19) 29... Rc2 {[%cal Rf5h3] /\Bh3!
} 30. Qb5 $1 (30. Rd4 Rxg2 $1 31. Rxg2 Qb1+ $19) (30. Ng5 Nf6 {[%cal Rf6g4] /
\Ng4}) 30... Nc7 $1 (30... Bh3 31. Qf1) 31. Qd3 $8 (31. Qf1 Nxd5 $19 {[%cal
Rd5b4,Rd5e3] /\Ne3,Nb4}) 31... Re2 (31... Nxd5 $2 32. Qxd5+ $1 Qxd5 33. Nf6+
Rxf6 34. Bxd5+ $16) 32. g4 $2 (32. Qf3 $5 Nxd5 33. Rd4 $14) (32. Qc4 $1 Qxc4
33. Rxc4 Nxd5 34. Nxd6 Ne3 35. Nxf5 $16) 32... Bxg4 33. Rb7 (33. Ng3 $142 Rf2
$44 {[%cal Rg4f3] /\Bf3}) 33... Bf5 $1 34. Rxc7 Bxe4 $19 35. Qc3 Bxg2+ 36. Rxg2
Qb1+ $1 (36... Rxg2 $4 37. Qg7#) (36... Qb1+ 37. Rg1 Qe4+ $19) 0-1